| 000 | 00688nam a2200229 a 4500 | ||
|---|---|---|---|
| 005 | 20210219153400.0 | ||
| 008 | 991125n 000 0 eng u | ||
| 035 | _aUPN01000095406 | ||
| 100 | _aBENE KABALA, Luthia | ||
| 222 | _aSCIENTIA PAEDAGOGICA EXPERIMENTALIS | ||
| 245 | _aLa qualite d'escriture des ecoliers zairois de 2รจ primaire: relation avec la vitesse d'escriture | ||
| 300 | _a285-296 | ||
| 362 | _a1992 Vol. 29, no. 2 | ||
| 653 | 0 | _aCOEFICIENTE INTELECTUAL | |
| 653 | 0 | _aEDUCACION PRIMARIA | |
| 653 | 0 | _aESCRITURA | |
| 653 | 0 | _aHABILIDAD | |
| 653 | 0 | _aPRUEBAS DE DIAGNOSTICO | |
| 653 | 0 |
_aINTELIGENCIA - _xPRUEBAS |
|
| 904 |
_aAC _b033217 |
||
| 905 | _aArticulo | ||
| 999 |
_c75493 _d75493 |
||